000
003040000a22001450004500
020
_a
958-706-127-6
041
0
_a
SPA
082
0
4
_a
R 030 C3342e
110
1
_a
El Tiempo
245
1
0
_a
La enciclopedia
260
_a
Gran BretaƱa : Dorling Kindersley
300
_a
365 Pag
001
11009
942
_c
BK
999
_c
40382
_d
40382